MARC

LEADER 00000nam0a2200000 4500
001 91574
005 20231101213800.0
020 |a RU  |b 85-98104 
035 |a (RuTPU)RU\TPU\book\98163 
090 |a 91574 
100 |a 20060227d1985 k y0rusy5003 ca 
101 0 |a rus 
102 |a RU 
105 |a a z 000zy 
200 1 |a Поверхностные силы  |f Б. В. Дерягин, Н. В. Чураев, В. М. Муллер  |g Академия Наук СССР; Институт физической химии; под ред. Е. Д. Щукина 
210 |a Москва  |c Наука  |d 1985 
215 |a 399 с.  |c ил. 
606 1 |a Поверхностные силы  |x (физика)  |2 stltpush  |3 (RuTPU)RU\TPU\subj\49506  |9 68296 
610 1 |a массоперенос 
610 1 |a пористые тела 
610 1 |a теория 
610 1 |a расклинивающее давление 
610 1 |a прослойки 
610 1 |a пленки 
610 1 |a расчеты 
610 1 |a лиофобные коллоиды 
610 1 |a смачивание 
610 1 |a библиотека А. Г. Стромберга 
675 |a 532.6  |z rus  |v 3 
700 1 |a Дерягин  |b Б. В.  |g Борис Владимирович 
701 1 |a Чураев  |b Н. В.  |g Николай Владимирович 
701 1 |a Муллер  |b В. М.  |g Владимир Максович 
702 1 |a Щукин  |b Е. Д.  |4 340 
712 0 2 |a Академия наук СССР (АН СССР)  |b Институт физической химии  |c (Москва)  |2 stltpush  |3 (RuTPU)RU\TPU\col\11504 
801 0 |a RU  |b RuMRKP  |c 19950704  |g psbo 
801 1 |a RU  |b 63413507  |c 20060227  |g PSBO 
801 2 |a RU  |b 63413507  |c 20171011  |g PSBO 
942 |c BK